[Event "39th TCh-GRE"]
[Site "Eretria GRE"]
[Date "2011.07.03"]
[Round "1.4"]
[White "Dimitriadis, Theodoros"]
[Black "Kouvatsos, Filippos"]
[Result "1/2-1/2"]
[WhiteElo "1922"]
[BlackElo "2152"]
[WhiteTeam "Chess Academy of Gazi 2099"]
[BlackTeam "AO Kydon Chania"]
[WhiteFideId "4217365"]
[BlackFideId "4205561"]
[EventDate "2011.07.03"]

1. e4 c6 2. d4 d5 3. exd5 cxd5 4. Bd3 Nc6 5. c3 Qc7 6. Ne2 Bg4 7. Qb3 Bxe2 8.
Bxe2 e6 9. Bg5 Bd6 10. Nd2 Nge7 11. Nf3 a6 12. O-O O-O 13. Bd3 f6 14. Bd2 e5 15.
c4 Nxd4 16. Nxd4 exd4 17. cxd5 Bxh2+ 18. Kh1 Bd6 19. Bf4 Kh8 20. Rac1 Qd7 21.
Bxd6 Qxd6 22. Qxb7 Rfb8 23. Qc7 Qxc7 24. Rxc7 Nxd5 25. Rd7 Nf4 26. Be4 Rd8 27.
Rxd4 Rxd4 28. Bxa8 Rd2 29. Rc1 h5 30. Be4 g5 31. Rc2 Rd4 32. Bf5 a5 33. Rc8+ Kg7
34. Rc7+ Kf8 35. g3 Nd3 36. Bxd3 Rxd3 37. Kg2 Rd2 38. Rb7 g4 39. a4 Rc2 40. Rb5
Kf7 41. Rxh5 Rxb2 42. Rxa5 Ra2 43. Ra8 Ra1 44. f4 Ra2+ 45. Kf1 Kg6 46. Ra5 Ra3
47. Kf2 Rf3+ 48. Kg2 Ra3 49. Kf2 Rf3+ 50. Kg2 Ra3 51. Kf2 1/2-1/2

[Event "39th TCh-GRE"]
[Site "Eretria GRE"]
[Date "2011.07.03"]
[Round "1.4"]
[White "Pavlidou, Ekaterini"]
[Black "Aggeli, Eleni"]
[Result "1-0"]
[WhiteTitle "WIM"]
[WhiteElo "2220"]
[BlackElo "1862"]
[WhiteTeam "AO Kydon Chania"]
[BlackTeam "Chess Academy of Gazi 2099"]
[WhiteFideId "4213262"]
[BlackFideId "4213300"]
[EventDate "2011.07.03"]

1. d4 Nf6 2. c4 g6 3. Nc3 d5 4. cxd5 Nxd5 5. e4 Nxc3 6. bxc3 Bg7 7. Bc4 c5 8.
Ne2 O-O 9. O-O Nc6 10. Be3 Qc7 11. Rc1 Rd8 12. Bf4 Qd7 13. dxc5 Qxd1 14. Rfxd1
Bg4 15. f3 Be6 16. Bxe6 fxe6 17. Rb1 Rxd1+ 18. Rxd1 Rd8 19. Rxd8+ Nxd8 20. Kf2
Nc6 21. Ke3 e5 22. Bg5 Kf7 23. Kd3 Ke6 24. g3 Bf6 25. Be3 a6 26. h3 Nd8 27. f4
Nf7 28. Ng1 Bg7 29. Nf3 Bf6 30. Kc4 Bg7 31. Kb4 Kd7 32. Nd2 Nd8 33. f5 e6 34.
fxg6 hxg6 35. Nf3 Nc6+ 36. Ka4 Ke7 37. h4 Bf6 38. g4 Kf7 39. h5 gxh5 40. gxh5
Kg7 41. Nd2 Bh4 42. Nc4 Be1 43. Kb3 Kf6 44. Nd6 Nd8 45. h6 Kg6 46. Bg5 Nf7 47.
h7 Nh8 48. Nxb7 Bf2 49. c6 Bb6 50. Bd8 1-0

[Event "39th TCh-GRE"]
[Site "Eretria GRE"]
[Date "2011.07.03"]
[Round "1.4"]
[White "Hnara, Maria-Danai"]
[Black "Prokopiou, Ekaterini"]
[Result "1/2-1/2"]
[WhiteElo "1645"]
[BlackElo "1540"]
[WhiteTeam "AO Kydon Chania"]
[BlackTeam "Chess Academy of Gazi 2099"]
[WhiteFideId "4221419"]
[BlackFideId "4218710"]
[EventDate "2011.07.03"]

1. e4 d5 2. exd5 Qxd5 3. Nc3 Qd6 4. d4 Nf6 5. Nf3 a6 6. Ne5 Nc6 7. Bf4 Ng4 8.
Nd3 Qxd4 9. Bxc7 Bf5 10. Bg3 e6 11. h3 Nf6 12. Be2 Rd8 13. a3 Be7 14. O-O O-O
15. Re1 Rd7 16. Bf1 Rfd8 17. Qf3 Qb6 18. b4 Nd4 19. Qd1 Nxc2 20. Qxc2 Bxd3 21.
Bxd3 Rxd3 22. Rad1 Rxd1 23. Rxd1 Rxd1+ 24. Nxd1 h6 25. Ne3 Nd5 26. Qc8+ Kh7 27.
Nxd5 exd5 28. Qf5+ Kg8 29. Qxd5 Bf6 30. Be5 Bxe5 31. Qxe5 Qf6 32. Qe3 Kf8 33. f3
Qd6 34. Kf2 Qc6 35. Qe4 Qb6+ 36. Qe3 Qc6 37. Qd4 Qc2+ 38. Kg3 Qg6+ 39. Kf2 Ke7
40. Qe4+ Qxe4 41. fxe4 Ke6 42. Ke3 Ke5 43. g3 g6 44. Kd3 g5 45. Ke3 b5 46. Kd3
h5 47. Ke3 h4 48. gxh4 gxh4 49. Kf3 f5 50. exf5 Kxf5 51. Ke3 Ke5 52. Kf3 Kf5 1/2-1/2

[Event "39th TCh-GRE"]
[Site "Eretria GRE"]
[Date "2011.07.03"]
[Round "1.4"]
[White "Sandalakis, Nikolaos"]
[Black "Kazakos, Emmanouil"]
[Result "1-0"]
[WhiteElo "1925"]
[BlackElo "2105"]
[WhiteTeam "Chess Academy of Gazi 2099"]
[BlackTeam "AO Kydon Chania"]
[WhiteFideId "4222890"]
[BlackFideId "4216555"]
[EventDate "2011.07.03"]

1. e4 c5 2. Nf3 e6 3. d4 cxd4 4. Nxd4 Nf6 5. Nc3 d6 6. g3 a6 7. Bg2 Qc7 8. O-O
Be7 9. Be3 Bd7 10. a4 Nc6 11. Re1 O-O 12. Nxc6 Bxc6 13. a5 Qd7 14. f4 Bd8 15.
Kh1 Bc7 16. g4 Qd8 17. b4 b6 18. axb6 Bxb6 19. g5 Ne8 20. Na4 Bxe3 21. Rxe3 g6
22. Qd4 Qb8 23. Nb6 Ra7 24. Nc4 Ra8 25. Na5 Bd7 26. Rd3 Qc7 27. Rc3 Qb8 28. Nc6
Bxc6 29. Rxc6 Qb5 30. Qc4 Ng7 31. Bf1 Nh5 32. Rcxa6 Qb7 33. b5 Nxf4 34. Qc6 Qxc6
35. bxc6 Rac8 36. Rb6 e5 37. Bc4 Rc7 38. Bd5 Rfc8 39. Rb7 Ne6 40. Raa7 Rxc6 41.
Rxf7 1-0

[Event "39th TCh-GRE"]
[Site "Eretria GRE"]
[Date "2011.07.03"]
[Round "1.4"]
[White "Ontabasidis, Aristidis"]
[Black "Prokopiou, Ioannis"]
[Result "1-0"]
[WhiteElo "1513"]
[BlackElo "1535"]
[WhiteTeam "AO Kydon Chania"]
[BlackTeam "Chess Academy of Gazi 2099"]
[WhiteFideId "4248872"]
[BlackFideId "4218728"]
[EventDate "2011.07.03"]

1. e4 d5 2. exd5 Qxd5 3. Nc3 Qd6 4. Bc4 Nf6 5. Nf3 a6 6. h3 b5 7. Bb3 Bb7 8. O-O
e6 9. d3 c5 10. Qe2 Nbd7 11. a4 b4 12. Nd1 a5 13. Ne3 Be7 14. Nc4 Qc6 15. Nce5
Nxe5 16. Qxe5 Bd6 17. Qg5 O-O 18. Bf4 h6 19. Qh4 Be7 20. Be5 Rfe8 21. Bc4 Nd7
22. Qg3 Nxe5 23. Nxe5 Qc7 24. Nxf7 Qxg3 25. fxg3 Bf6 26. Nd6 Bxb2 27. Nxb7 Bxa1
28. Rxa1 Kh7 29. Nxc5 e5 30. Re1 Rac8 31. Ne4 Red8 32. Kf2 Kg6 33. Ke2 Rd4 34.
Nd2 e4 35. Nb3 exd3+ 36. Bxd3+ Rxd3 1-0

[Event "39th TCh-GRE"]
[Site "Eretria GRE"]
[Date "2011.07.03"]
[Round "1.5"]
[White "Atalik, Suat"]
[Black "Zubarev, Alexander1"]
[Result "0-1"]
[WhiteTitle "GM"]
[BlackTitle "GM"]
[WhiteElo "2619"]
[BlackElo "2597"]
[WhiteTeam "Chess Academy Thes. Galaxias"]
[BlackTeam "O.A.A. Heraklion"]
[WhiteFideId "14401487"]
[BlackFideId "14104385"]
[EventDate "2011.07.03"]

1. d4 Nf6 2. c4 e6 3. g3 d5 4. Bg2 Bb4+ 5. Bd2 Be7 6. Nf3 O-O 7. O-O Nbd7 8. Qc2
c6 9. Bf4 Nh5 10. Bc1 Nhf6 11. Rd1 dxc4 12. Nbd2 b5 13. b3 c3 14. Qxc3 Bb7 15.
Qd3 Qb6 16. a4 a6 17. Ba3 Bxa3 18. Rxa3 c5 19. axb5 axb5 20. Rxa8 Rxa8 21. Rc1
cxd4 22. Qxd4 Ra2 23. Qxb6 Nxb6 24. Rc5 Nfd7 25. Rc7 Ba8 26. Nf1 Kf8 27. Nd4
Bxg2 28. Kxg2 b4 29. Ne3 Rd2 30. Nc6 Rxe2 31. Nc4 Rc2 32. Nxb4 Rc3 33. Rc6 Nxc4
34. bxc4 g5 35. h3 h5 36. Na2 Ra3 37. Nc1 g4 38. hxg4 hxg4 39. Ne2 Ne5 40. Rc5
Nf3 41. Rc8+ Ke7 42. Rh8 Ra2 43. Nc3 Rc2 44. Nd1 Rc1 45. Rh1 Kd6 46. Ne3 Rxh1
47. Kxh1 f5 48. Kg2 Nd2 49. Nd1 Kc5 50. Nb2 Kd4 51. c5 Kxc5 52. Nd3+ Kd4 53. Nf4
Ke5 54. Nh5 Kd6 55. Nf4 e5 56. Ne2 Kd5 57. Nc3+ Kd4 58. Nb5+ Kc5 59. Nc7 Kc6 60.
Ne8 Nf3 61. Kf1 Nd4 62. Ke1 Kd7 63. Nf6+ Ke6 64. Ne8 Nb5 65. Kd2 Ke7 66. Ng7 Kf6
67. Ne8+ Kf7 0-1

[Event "39th TCh-GRE"]
[Site "Eretria GRE"]
[Date "2011.07.03"]
[Round "1.5"]
[White "Ris, Robert"]
[Black "Mladenov, Plamen"]
[Result "1/2-1/2"]
[WhiteTitle "IM"]
[BlackTitle "IM"]
[WhiteElo "2395"]
[BlackElo "2391"]
[WhiteTeam "O.A.A. Heraklion"]
[BlackTeam "Chess Academy Thes. Galaxias"]
[WhiteFideId "1011480"]
[BlackFideId "2906198"]
[EventDate "2011.07.03"]

1. d4 d5 2. c4 e6 3. Nf3 Nf6 4. Nc3 c6 5. Bg5 Nbd7 6. e3 Qa5 7. cxd5 Nxd5 8. Qd2
Bb4 9. Rc1 h6 10. Bh4 c5 11. Bc4 cxd4 12. Qxd4 Bxc3+ 13. bxc3 O-O 14. O-O b6 15.
e4 Nf4 16. Bg3 b5 17. Bxf4 bxc4 18. Rfd1 Qxa2 19. Ra1 Qb2 20. Bd6 Re8 21. Rab1
Qa2 22. Ne5 Nxe5 23. Bxe5 Qa5 24. Qd6 Qa6 25. Qc7 f6 26. Rd8 Rxd8 27. Qxd8+ Kf7
28. Bxf6 gxf6 29. Qc7+ Kg6 30. Qg3+ Kh7 31. Qc7+ Kg6 32. Qg3+ Kh7 33. Qc7+ 1/2-1/2

[Event "39th TCh-GRE"]
[Site "Eretria GRE"]
[Date "2011.07.03"]
[Round "1.5"]
[White "Galopoulos, Nikolaos"]
[Black "Lirindzakis, Timotheos"]
[Result "1/2-1/2"]
[BlackTitle "IM"]
[WhiteElo "2327"]
[BlackElo "2338"]
[WhiteTeam "Chess Academy Thes. Galaxias"]
[BlackTeam "O.A.A. Heraklion"]
[WhiteFideId "4208951"]
[BlackFideId "4200381"]
[EventDate "2011.07.03"]

1. e4 c6 2. d4 d5 3. Nc3 dxe4 4. Nxe4 Bf5 5. Ng3 Bg6 6. h4 h6 7. Nf3 Nd7 8. h5
Bh7 9. Bd3 Bxd3 10. Qxd3 Ngf6 11. Bf4 Qa5+ 12. Bd2 Qc7 13. O-O-O e6 14. Kb1
O-O-O 15. Ne4 Nxe4 16. Qxe4 Nf6 17. Qe2 Bd6 18. c4 c5 19. Bc3 Rhe8 20. dxc5 Bxc5
21. Ne5 Rxd1+ 22. Rxd1 Rd8 23. Rxd8+ Kxd8 24. f4 Ke8 25. g4 Qd6 26. Kc2 Bb4 27.
Qe3 Bxc3 28. Kxc3 a6 29. Qd4 Qc7 30. b4 Ke7 31. a4 Ne8 32. Nd3 f6 33. Qc5+ Kd7
34. Qf8 Kd8 35. Nc5 Qc6 36. b5 axb5 37. axb5 Qb6 38. Kb4 e5 39. fxe5 fxe5 40.
Qf7 Qd6 41. Qxb7 Qd2+ 42. Ka3 Qc1+ 43. Kb3 Qe3+ 44. Kb4 Qd2+ 45. Ka4 Qa2+ 46.
Kb4 1/2-1/2

[Event "39th TCh-GRE"]
[Site "Eretria GRE"]
[Date "2011.07.03"]
[Round "1.5"]
[White "Sperdokli, Elli"]
[Black "Grapsa, Georgia"]
[Result "1/2-1/2"]
[WhiteTitle "WFM"]
[WhiteElo "2127"]
[BlackElo "2057"]
[WhiteTeam "O.A.A. Heraklion"]
[BlackTeam "Chess Academy Thes. Galaxias"]
[WhiteFideId "4205456"]
[BlackFideId "4206436"]
[EventDate "2011.07.03"]

1. e4 c5 2. Nf3 d6 3. d4 Nf6 4. dxc5 Nxe4 5. cxd6 Nc6 6. Na3 Qb6 7. Qe2 Nxd6 8.
c3 Bg4 9. Be3 Bxf3 10. gxf3 Qa5 11. Nc4 Nxc4 12. Qxc4 Rd8 13. f4 a6 14. Bg2 Qb5
15. Qxb5 axb5 16. Ke2 e6 17. Rhd1 Bd6 18. Rd3 Ke7 19. Rad1 Bc7 20. a3 Rxd3 21.
Rxd3 h5 22. Bc5+ Ke8 23. Be3 h4 24. h3 Rh5 25. Bf3 Rf5 26. Be4 Rf6 27. Rd1 Bxf4
28. Bxf4 Rxf4 29. Ke3 g5 30. Bd3 Na7 31. Be4 Nc6 32. Bd3 Na7 33. Be4 Nc6 34. Bd3 1/2-1/2

[Event "39th TCh-GRE"]
[Site "Eretria GRE"]
[Date "2011.07.03"]
[Round "1.5"]
[White "Galopoulos, Panagiotis"]
[Black "Kolomvakis, Stelios"]
[Result "1-0"]
[WhiteTitle "FM"]
[WhiteElo "2090"]
[BlackElo "1752"]
[WhiteTeam "Chess Academy Thes. Galaxias"]
[BlackTeam "O.A.A. Heraklion"]
[WhiteFideId "4214200"]
[BlackFideId "4217500"]
[EventDate "2011.07.03"]

1. d4 d5 2. c4 e6 3. Nc3 Nf6 4. cxd5 exd5 5. Bg5 Be7 6. e3 c6 7. Bd3 O-O 8. Qc2
Nbd7 9. Nf3 Re8 10. O-O Nf8 11. h3 Ng6 12. Ne5 Nd7 13. Bxe7 Qxe7 14. f4 f6 15.
Nxg6 Qxe3+ 16. Kh2 hxg6 17. Rae1 Qxe1 18. Rxe1 Rxe1 19. Bxg6 Nf8 20. f5 Bd7 21.
Qb3 b6 22. Nxd5 Kh8 23. Qf3 Nxg6 24. fxg6 cxd5 25. Qh5+ Kg8 26. Qxd5+ 1-0

[Event "39th TCh-GRE"]
[Site "Eretria GRE"]
[Date "2011.07.03"]
[Round "1.5"]
[White "Kelires, Andreas"]
[Black "Vasiliadis, Antony"]
[Result "1-0"]
[WhiteElo "1825"]
[BlackElo "1634"]
[WhiteTeam "O.A.A. Heraklion"]
[BlackTeam "Chess Academy Thes. Galaxias"]
[WhiteFideId "5900727"]
[BlackFideId "2917513"]
[EventDate "2011.07.03"]

1. e4 c5 2. c3 d5 3. exd5 Qxd5 4. d4 Nf6 5. Nf3 Bg4 6. Be2 Nc6 7. c4 Qd6 8. d5
Nb4 9. a3 Na6 10. O-O g6 11. Nc3 Nc7 12. Ng5 Qd7 13. Nge4 h5 14. Nxf6+ exf6 15.
Bxg4 hxg4 16. Re1+ Be7 17. d6 Ne6 18. dxe7 Qc7 19. Qa4+ Qc6 20. Qxc6+ bxc6 21.
Be3 f5 22. Na4 Rh5 23. Nxc5 Nxc5 24. Bxc5 f4 25. b4 a5 26. Rad1 axb4 27. axb4 f3
28. Bb6 1-0

[Event "39th TCh-GRE"]
[Site "Eretria GRE"]
[Date "2011.07.03"]
[Round "1.6"]
[White "Jianu, Vlad-Cristian"]
[Black "Mastrovasilis, Dimitrios"]
[Result "0-1"]
[WhiteTitle "GM"]
[BlackTitle "GM"]
[WhiteElo "2518"]
[BlackElo "2604"]
[WhiteTeam "Polichni CC"]
[BlackTeam "ES Thessaloniki"]
[WhiteFideId "1208110"]
[BlackFideId "4202694"]
[EventDate "2011.07.03"]

1. d4 d5 2. c4 c6 3. Nf3 Nf6 4. e3 Bg4 5. h3 Bh5 6. Qb3 Qb6 7. Nc3 e6 8. Nh4 Be7
9. g4 Bg6 10. Nxg6 hxg6 11. Bg2 g5 12. Bd2 Nbd7 13. Qa4 dxc4 14. Qxc4 Nd5 15.
O-O-O Nxc3 16. Bxc3 Nf6 17. e4 Rd8 18. Kb1 Rd7 19. f4 gxf4 20. g5 Nh5 21. d5 Qb5
22. Qd4 cxd5 23. exd5 Bxg5 24. Qxa7 Qa6 25. Qxa6 bxa6 26. dxe6 Rxd1+ 27. Rxd1
fxe6 28. Rd6 Kf7 29. Rxa6 Bf6 30. Bd2 Rd8 31. Kc2 e5 32. a4 Ng3 33. Ra7+ Ke6 34.
Bf3 Nf1 35. Bg4+ Kd5 36. Bf3+ e4 37. Ra5+ Kd4 38. Bc3+ Ke3 39. Bxf6 gxf6 40. Bg4
f3 0-1

[Event "39th TCh-GRE"]
[Site "Eretria GRE"]
[Date "2011.07.03"]
[Round "1.6"]
[White "Sedlak, Nikola"]
[Black "Theofilopoulos, Aris"]
[Result "1-0"]
[WhiteTitle "GM"]
[WhiteElo "2580"]
[BlackElo "2205"]
[WhiteTeam "ES Thessaloniki"]
[BlackTeam "Polichni CC"]
[WhiteFideId "922900"]
[BlackFideId "4201825"]
[EventDate "2011.07.03"]

1. e4 e5 2. Nf3 Nf6 3. Nxe5 d6 4. Nf3 Nxe4 5. Nc3 Nxc3 6. dxc3 Be7 7. Qd4 Bf6 8.
Qf4 Nc6 9. Be3 a6 10. O-O-O Be6 11. Kb1 Qe7 12. h4 h6 13. g4 Be5 14. Nxe5 Nxe5
15. Be2 f6 16. Rhe1 O-O-O 17. f3 Qd7 18. Bf2 Rhe8 19. Bf1 Qc6 20. Re3 Bd5 21.
Be2 Kb8 22. b3 Bf7 23. Qd4 Qc5 24. Qxc5 dxc5 25. Rxd8+ Rxd8 26. f4 Nc6 27. Kc1
g5 28. fxg5 fxg5 29. h5 Rf8 30. Rf3 Re8 31. Rxf7 Rxe2 32. Bxc5 b6 33. Bf8 Ne5
34. Re7 Re1+ 35. Kb2 Re3 36. a4 Kc8 37. Ka2 Kd8 38. Re6 Kd7 39. Rxh6 Nxg4 40.
Rg6 Rh3 41. Rxg5 Nf6 42. h6 Rxc3 43. Kb2 Rh3 44. Rg6 Nd5 45. Bg7 Ne7 46. Rf6 Rh5
47. a5 Nd5 48. axb6 cxb6 49. Rg6 a5 50. c4 Rh2+ 51. Ka3 Nb4 52. Ka4 Nc6 53. Kb5
Rh3 54. Rxc6 Rxb3+ 55. Ka4 Rb4+ 56. Ka3 Kxc6 57. h7 1-0

[Event "39th TCh-GRE"]
[Site "Eretria GRE"]
[Date "2011.07.03"]
[Round "1.6"]
[White "Kakousatze, Ilias"]
[Black "Malikentzos, Sotirios"]
[Result "0-1"]
[BlackTitle "FM"]
[WhiteElo "2060"]
[BlackElo "2314"]
[WhiteTeam "Polichni CC"]
[BlackTeam "ES Thessaloniki"]
[WhiteFideId "4209532"]
[BlackFideId "4215079"]
[EventDate "2011.07.03"]

1. e4 c6 2. d4 d5 3. Nc3 dxe4 4. Nxe4 Bf5 5. Ng3 Bg6 6. h4 h6 7. Nf3 Nf6 8. h5
Bh7 9. Bd3 Bxd3 10. Qxd3 e6 11. Bd2 c5 12. Ne4 Nc6 13. Bc3 Nb4 14. Bxb4 cxb4 15.
Ne5 Qd5 16. Nxf6+ gxf6 17. Ng4 O-O-O 18. Nxf6 Qxd4 19. Qxd4 Rxd4 20. Rd1 Rxd1+
21. Kxd1 Bg7 22. Ne4 Bxb2 23. g4 Rd8+ 24. Ke2 f5 25. gxf5 exf5 26. Ng3 Rd5 27.
Rd1 Rc5 28. Rd6 Be5 29. Rxh6 Bxg3 30. fxg3 Rxc2+ 31. Kd3 Rxa2 32. Rf6 Rg2 33.
Kc4 Rxg3 34. Rxf5 Rg4+ 35. Kc5 a5 36. Kd6 b6 37. Kc6 Kd8 38. Kxb6 a4 39. Ka5 b3
40. h6 b2 41. Rf1 a3 42. h7 Rh4 0-1

[Event "39th TCh-GRE"]
[Site "Eretria GRE"]
[Date "2011.07.03"]
[Round "1.6"]
[White "Zawadzka, Jolanta"]
[Black "Barbageorgopoulou, Despina"]
[Result "1-0"]
[WhiteTitle "WGM"]
[WhiteElo "2405"]
[BlackElo "1752"]
[WhiteTeam "ES Thessaloniki"]
[BlackTeam "Polichni CC"]
[WhiteFideId "1122320"]
[BlackFideId "4216180"]
[EventDate "2011.07.03"]

1. e4 e5 2. d4 exd4 3. Nf3 Nc6 4. Nxd4 Nf6 5. Nxc6 bxc6 6. e5 Nd5 7. c4 Nb6 8.
Bd3 d5 9. exd6 cxd6 10. O-O Be7 11. Qc2 Nd7 12. Re1 Ne5 13. Be4 Qc7 14. b3 h6
15. Bb2 O-O 16. f4 Ng4 17. h3 Nf6 18. Bf3 Bb7 19. Nd2 Rfe8 20. Rad1 d5 21. cxd5
Qb6+ 22. Kh2 cxd5 23. Nf1 Rec8 24. Qf5 Bb4 25. Bd4 Qa5 26. Re2 Ba6 27. Bxf6 Bxe2
28. Qg4 g6 29. Bxe2 Rc6 30. Be5 Qxa2 31. Bf3 Rc2 32. Bxd5 Rf8 33. Qxg6# 1-0

[Event "39th TCh-GRE"]
[Site "Eretria GRE"]
[Date "2011.07.03"]
[Round "1.6"]
[White "Barbageorgopoulou, Fani"]
[Black "Pasoglou, Ekaterini"]
[Result "0-1"]
[WhiteElo "1851"]
[BlackElo "1483"]
[WhiteTeam "Polichni CC"]
[BlackTeam "ES Thessaloniki"]
[WhiteFideId "4220838"]
[BlackFideId "4247663"]
[EventDate "2011.07.03"]

1. d4 Nf6 2. c4 e6 3. Nc3 Bb4 4. Nf3 O-O 5. e3 Bxc3+ 6. bxc3 d6 7. Ba3 Re8 8.
Be2 Nbd7 9. O-O e5 10. Nd2 Nf8 11. Qc2 Ng6 12. Bd3 Nf8 13. Be2 Ng6 14. Bd3 b6
15. f4 Ng4 16. Rfe1 exd4 17. Be4 Rb8 18. cxd4 Qd7 19. h3 Nf6 20. Bd3 a5 21. Rab1
Ba6 22. Nf3 Rbd8 23. Bf5 Qe7 24. Ne5 Bb7 25. Qa4 Nh4 26. Bd3 Ng6 27. Qc2 Ra8 28.
Nxg6 hxg6 29. c5 dxc5 30. dxc5 Qe6 31. cxb6 cxb6 32. Qb2 Qc6 33. Rbc1 Qe6 34.
Rb1 Qc6 35. Bb5 Qe4 36. Bxe8 Rxe8 37. Qd4 Qxg2# 0-1

[Event "39th TCh-GRE"]
[Site "Eretria GRE"]
[Date "2011.07.03"]
[Round "1.6"]
[White "Papathanasiou, Ageliki"]
[Black "Avramidou, Anastasia"]
[Result "1-0"]
[WhiteElo "1817"]
[BlackElo "1668"]
[WhiteTeam "ES Thessaloniki"]
[BlackTeam "Polichni CC"]
[WhiteFideId "4224728"]
[BlackFideId "4239873"]
[EventDate "2011.07.03"]

1. d4 Nf6 2. Nf3 b6 3. Bf4 Bb7 4. e3 e6 5. Bd3 Be7 6. Nbd2 Nh5 7. Bg3 d6 8. c3
Nd7 9. Qc2 h6 10. e4 a6 11. e5 Nxg3 12. hxg3 dxe5 13. dxe5 c5 14. Kf1 Qc7 15.
Re1 O-O-O 16. a4 g5 17. Nc4 Kb8 18. Be4 g4 19. Bxb7 Qxb7 20. Nfd2 Qc7 21. Qb3
Ka7 22. Qc2 h5 23. Qe4 Rdg8 24. Qf4 Rg7 25. Qe4 Rg6 26. Rb1 a5 27. Re1 Rg7 28.
Na3 Qb7 29. Nb5+ Kb8 30. Qe3 Rgg8 31. Nc4 Bg5 32. Qd3 Qc6 33. Rd1 Rd8 34. Qd6+
Qxd6 35. Rxd6 Kb7 36. Ke2 Rh6 37. Rhd1 Kc8 38. Rxd7 Rxd7 39. Nxb6+ Kb7 40. Nxd7
Be7 41. Ke3 h4 42. gxh4 Rxh4 43. Nf6 1-0

[Event "39th TCh-GRE"]
[Site "Eretria GRE"]
[Date "2011.07.03"]
[Round "1.6"]
[White "Gouloutis, Nikolaos"]
[Black "Ballas, Kleon-Evangelos"]
[Result "0-1"]
[WhiteElo "1758"]
[BlackElo "1937"]
[WhiteTeam "Polichni CC"]
[BlackTeam "ES Thessaloniki"]
[WhiteFideId "4224256"]
[BlackFideId "4215311"]
[EventDate "2011.07.03"]

1. d4 Nf6 2. c4 e6 3. Nf3 d5 4. Bg5 Nbd7 5. e3 Bb4+ 6. Nbd2 O-O 7. a3 Be7 8. Bd3
c5 9. O-O b6 10. Ne5 Bb7 11. cxd5 Nxe5 12. dxe5 Nxd5 13. Bxe7 Qxe7 14. Ne4 Rad8
15. Qe2 Ba8 16. Rad1 f5 17. exf6 gxf6 18. f4 f5 19. Ng3 Kh8 20. Bc2 c4 21. Qxc4
Qf6 22. Qd4 Qxd4 23. Rxd4 Nxe3 24. Rxd8 Rxd8 25. Rf2 Rc8 26. Bd3 Rc1+ 27. Nf1
Kg7 28. h3 Be4 29. Ba6 Rb1 30. Rd2 Kf6 31. g3 Bg2 32. Rxg2 Nxg2 33. Kxg2 Rxb2+
34. Kf3 Rb3+ 35. Ne3 Rxa3 36. Be2 e5 37. g4 exf4 38. Kxf4 Ra4+ 39. Kf3 f4 40.
Ng2 Ke5 41. g5 Ra3+ 42. Kf2 Rxh3 43. Bf3 Rg3 44. Ne1 Rxg5 45. Nd3+ Kf5 46. Nb4
a5 47. Nd5 b5 48. Ne7+ Ke6 49. Nc6 b4 50. Be4 Rc5 51. Kf3 Rxc6 52. Bxc6 Ke5 0-1

[Event "39th TCh-GRE"]
[Site "Eretria GRE"]
[Date "2011.07.03"]
[Round "1.7"]
[White "Kempinski, Robert"]
[Black "Istratescu, Andrei"]
[Result "1/2-1/2"]
[WhiteTitle "GM"]
[BlackTitle "GM"]
[WhiteElo "2600"]
[BlackElo "2645"]
[WhiteTeam "E.O.A.O. Fysiolatris Nikaia"]
[BlackTeam "N.O. Kalamatas Poseidon"]
[WhiteFideId "1105663"]
[BlackFideId "1200372"]
[EventDate "2011.07.03"]

1. d4 Nf6 2. c4 e6 3. Nf3 d5 4. e3 Be7 5. Nbd2 O-O 6. Bd3 c5 7. O-O cxd4 8. exd4
b6 9. b3 Bb7 10. Qe2 Nc6 11. Bb2 Rc8 12. Rac1 Re8 13. a3 Bf8 14. h3 a5 15. Rfd1
g6 16. Qe3 Bg7 17. Ne5 dxc4 18. Nxc6 Bxc6 19. bxc4 Qd7 20. Rb1 b5 21. Bf1 Rb8
22. Ba1 bxc4 23. Nxc4 Nd5 24. Qg3 Rxb1 25. Rxb1 Qa7 26. Ne5 Rc8 27. Nxc6 Rxc6
28. Qb8+ Qxb8 29. Rxb8+ Bf8 30. Bb2 Rc2 31. g3 Kg7 32. Bd3 Rd2 33. Be4 Bb4 34.
axb4 Rxb2 35. Bxd5 exd5 36. b5 Kf6 37. b6 Kf5 38. b7 a4 39. Kg2 a3 40. Rd8 Rxb7
41. Rxd5+ Ke4 42. Ra5 Rb3 43. d5 Ke5 44. h4 h5 45. Kf1 f6 46. Kg2 Kd6 47. Kf1
Kc7 48. Ra6 Kb7 49. Ra4 g5 50. hxg5 fxg5 51. d6 Kc6 52. Ra6+ Kd7 53. Kg2 Rd3 54.
Kf1 h4 55. gxh4 gxh4 56. Kg2 Kc8 57. Ra7 1/2-1/2

[Event "39th TCh-GRE"]
[Site "Eretria GRE"]
[Date "2011.07.03"]
[Round "1.7"]
[White "Edouard, Romain"]
[Black "Kapnisis, Spyridon"]
[Result "1-0"]
[WhiteTitle "GM"]
[BlackTitle "GM"]
[WhiteElo "2587"]
[BlackElo "2529"]
[WhiteTeam "N.O. Kalamatas Poseidon"]
[BlackTeam "E.O.A.O. Fysiolatris Nikaia"]
[WhiteFideId "633429"]
[BlackFideId "4203445"]
[EventDate "2011.07.03"]

1. d4 Nf6 2. c4 e6 3. Nf3 b6 4. Nc3 Bb4 5. e3 Bb7 6. Bd3 O-O 7. O-O c5 8. Na4
cxd4 9. exd4 Re8 10. a3 Bf8 11. b4 d6 12. Re1 Nbd7 13. Bg5 Rc8 14. Rc1 h6 15.
Bh4 g6 16. Nc3 a6 17. Nd2 Qc7 18. Nb3 Qb8 19. a4 Qa8 20. f3 d5 21. c5 a5 22. Nb5
Nh5 23. cxb6 Nxb6 24. Nc7 Rxc7 25. Rxc7 Bd6 26. Qc2 Bxc7 27. Qxc7 Nc4 28. Nxa5
Nxa5 29. Qxa5 Qb8 30. Qb6 e5 31. dxe5 Rxe5 32. Rd1 Kh7 33. Ba6 1-0

[Event "39th TCh-GRE"]
[Site "Eretria GRE"]
[Date "2011.07.03"]
[Round "1.7"]
[White "Georgiadis, Ioannis"]
[Black "Sgouros, Apostolos"]
[Result "1-0"]
[WhiteTitle "IM"]
[WhiteElo "2464"]
[BlackElo "2008"]
[WhiteTeam "E.O.A.O. Fysiolatris Nikaia"]
[BlackTeam "N.O. Kalamatas Poseidon"]
[WhiteFideId "4208900"]
[BlackFideId "4222911"]
[EventDate "2011.07.03"]

1. e4 c6 2. d4 d5 3. Nc3 g6 4. h3 Bg7 5. Nf3 dxe4 6. Nxe4 Bf5 7. Ng3 Be6 8. Ng5
Qxd4 9. Qxd4 Bxd4 10. Nxe6 fxe6 11. Bc4 e5 12. O-O Nd7 13. Ne4 h6 14. Bd3 Kf7
15. Re1 Ngf6 16. Nd2 Bb6 17. Nf3 Bc7 18. Bd2 e4 19. Bxe4 Nxe4 20. Rxe4 Nf6 21.
Re2 Rad8 22. Rae1 Rd7 23. c4 g5 24. Bc3 Rhd8 25. g4 Ng8 26. Kg2 Rd1 27. Rxd1
Rxd1 28. Rd2 Rxd2 29. Nxd2 Nf6 30. Kf3 Ke6 31. Bxf6 exf6 32. Ke4 Be5 33. b3 Bc3
34. Nf3 Bb2 35. Ne1 Bc3 36. Nd3 b6 37. Nc1 Be1 38. Nd3 Bc3 39. Nc1 Be1 40. f3
Bc3 41. Nd3 a5 42. Nf2 Be1 43. Nd1 Bd2 44. Nb2 Be1 45. Na4 Bf2 46. Nc3 Be1 47.
Ne2 Bf2 48. f4 Bc5 49. Ng3 Bd6 50. Nf5 Bxf4 51. h4 Bd6 52. h5 Bf8 53. Nd4+ Kd7
54. Kf5 Bc5 55. Ne2 Ke7 56. Kg6 Bf2 57. Nc3 Bd4 58. Ne4 Be5 59. a4 Ke6 60. Kxh6
Kf7 61. c5 b5 62. Nd6+ Bxd6 63. cxd6 bxa4 64. bxa4 c5 65. d7 Ke7 66. Kg6 c4 67.
h6 Kxd7 68. h7 Kc6 69. h8=Q Kc5 70. Qf8+ Kd4 71. Qxf6+ Kd3 72. Qf5+ 1-0